Metodología de la investigación

שמור ב:
מידע ביבליוגרפי
מחבר ראשי: Hernández Sampieri, Roberto (autor)
מחברים אחרים: Baptista Lucio, María del Pilar, Fernández Collado, Carlos
פורמט: ספר
שפה:ספרדית
יצא לאור: Ciudad de México, México McGraw-Hill 1991
נושאים:
תגים: הוספת תג
אין תגיות, היה/י הראשונ/ה לתייג את הרשומה!

MARC

LEADER 00000cam a2200000 a 4500
001 UCX4977
003 CL-VaPUC
005 20240826122444.0
008 920819e19910000MX |||||||||||||||||spa|d
999 |c 225337  |d 225335 
020 |a 9684229313 
040 |c Pontificia Universidad Católica de Valparaíso 
082 0 4 |a 001.42 HER 1991  |2 21 
100 |a Hernández Sampieri, Roberto  |e autor  |9 581658 
245 1 0 |a Metodología de la investigación 
260 |a Ciudad de México, México  |b McGraw-Hill  |c 1991 
300 |a 505 páginas 
583 |a last modification  |c 20190726 10:05:45  |k Rodrigo Vera 
650 0 |a Investigación  |9 257811 
650 0 |a Metodología   |9 256610 
650 0 |a Investigación  |x Metodología  |9 883899 
700 0 |a Baptista Lucio, María del Pilar  |9 321276 
700 0 |a Fernández Collado, Carlos  |9 321277 
942 |c BK  |2 ddc 
945 |d 19920819 00:00:00  |a mfernand 
952 |0 0  |1 0  |2 ddc  |4 0  |6 001_420000000000000_HER_1991  |7 0  |8 P  |9 222760  |a BIBENE  |b BIBENE  |d 2019-11-15  |i 2915456  |o 001.42 HER 1991  |p 2915456  |r 2025-01-15  |t 4  |w 2019-11-15  |y BK  |k ICO 
952 |0 0  |1 2  |4 0  |6 001_420000000000000_HER_1991  |7 0  |8 A  |9 222763  |a BIBTEO  |b BIBTEO  |d 2019-11-15  |i 3182673  |o 001.42 HER 1991  |p 3182673  |r 2019-11-15  |w 2019-11-15  |y BK  |k ICR 
952 |0 0  |1 2  |4 0  |6 001_420000000000000_HER_1991  |7 0  |8 A  |9 222766  |a BIBTEO  |b BIBTEO  |d 2019-11-15  |i 202280K  |o 001.42 HER 1991  |p 202280K  |r 2019-11-15  |w 2019-11-15  |y BK  |k ICR 
952 |0 0  |1 0  |2 ddc  |4 0  |6 001_420000000000000_HER_1991  |7 0  |8 P  |9 222771  |a BIBENE  |b BIBENE  |d 2019-11-15  |i 3252248  |o 001.42 HER 1991  |p 3252248  |r 2025-01-15  |t 10  |w 2019-11-15  |y BK  |k ICO 
952 |0 0  |1 0  |2 ddc  |4 0  |6 001_420000000000000_HER_1991  |7 0  |8 A  |9 222773  |a BIBEDU  |b BIBEDU  |c GEN  |d 2019-11-15  |i 3285596  |o 001.42 HER 1991  |p 3285596  |r 2019-11-15  |t 17  |w 2019-11-15  |y BK  |k EPE 
952 |0 0  |1 0  |2 ddc  |4 0  |6 001_420000000000000_HER_1991  |7 0  |8 A  |9 222777  |a BIBEDU  |b BIBEDU  |c GEN  |d 2019-11-15  |i 3299651  |o 001.42 HER 1991  |p 3299651  |r 2019-11-15  |t 21  |w 2019-11-15  |y BK  |k PSI 
952 |0 0  |1 0  |2 ddc  |4 0  |6 001_420000000000000_HER_1991  |7 0  |8 P  |9 222778  |a BIBGIM  |b BIBGIM  |d 2019-11-15  |i 3342395  |o 001.42 HER 1991  |p 3342395  |r 2025-01-15  |t 11  |w 2019-11-15  |y BK  |k EST 
952 |0 0  |1 0  |2 ddc  |4 0  |6 001_420000000000000_HER_1991  |7 0  |8 P  |9 222780  |a BIBENE  |b BIBENE  |d 2019-11-15  |i 3366529  |o 001.42 HER 1991  |p 3366529  |r 2025-01-15  |t 13  |w 2019-11-15  |y BK  |k ICO 
952 |0 0  |1 0  |2 ddc  |4 0  |6 001_420000000000000_HER_1991  |7 0  |8 A  |9 222782  |a BIBING  |b BIBING  |c RES  |d 2019-11-15  |i 2986671  |o 001.42 HER 1991  |p 2986671  |r 2025-01-20  |t 22  |w 2019-11-15  |y BK  |k GEO